Normal view
MARC view
- Pérez Arteaga, Miguel Angel,
Entry Nombre Personal
001 - NUMERO DE CONTROL
- campo de control: 42957
003 - IDENTIFICADOR DE NUMERO DE CONTROL
- campo de control: UPN
005 - FECHA Y HORA DE LA ÜLTIMA TRANSACCIÓN
- campo de control: 20210219194625.0
008 - DATOS DE LONGITUD FIJA
- campo de control de longitud fija: nabaccnnaabn|||||||||| b |nc|||||d
035 ## - NUMERO DE CONTROL
- Número de control: UPN11000015064
040 ## - FUENTE DE CATALOGACIÓN
- Lenguaje de catalogación: SPA
- Agencia de transcripción: UPN
100 1# - ENCABEZAMIENTO - NOMBRE PERSONAL
- Nombre personal: Pérez Arteaga, Miguel Angel,
- Fechas asociadas con el nombre: 1965-
670 ## - FUENTE EN LA QUE SE LOCALIZARON DATOS
- Cita de la fuente: T
- Uniform Resource Identifier: https://www.boolino.es/es/libros/autor/miguel-angel-perez-arteaga/
680 ## - NOTA PUBLICA DE ACCESO PÚBLICO
- Frase explicativa de la referencia: Escritor, pintor e ilustrador español
902 ## - CATALOGADOR
- Catalogador: EMR/300919
